000 00629nam a2200205 a 4500
005 20140310183617.0
008 120904s19uu xx 00 eng d
020 _a9789719410744
050 _aHB 615
_b.M272 2011
100 _aMandhyan, Raju
245 _aPitbulls and entrepreneurs :
_bfive ferocious insights that spell business success /
_cRaju Mandhyan.
260 _aManila, Philippines :
_bInner Sun Pub,
_c2011.
300 _a104 p. :
_bcol. ill. ;
_c22 cm.
500 _aIncludes index
521 _aBSBA
650 _aSuccess in business
650 _aEntrepreneurship
942 _cBK
_2lcc
_kLOC
999 _c25335
_d25335